| 000 | 01654nam0a2200313 i 4500 | ||
|---|---|---|---|
| 001 | RU\NLR\BIBL_A\010983540 | ||
| 005 | 20241103102104.0 | ||
| 010 |
_a9785996111145 _9500 |
||
| 021 |
_aRU _b2016-7626 _9494 |
||
| 035 | _a(NILC)RuMoRGB-008133592 | ||
| 035 | _a(NLR Aleph) 010983540 | ||
| 090 |
_a10887549 _c10887549 |
||
| 100 | _a20160218d2015 u y0rusy50 ca | ||
| 101 | 0 | _arus | |
| 102 | _aRU | ||
| 105 | _aa|||j|||000yy | ||
| 200 | 1 |
_aТеоретическая и прикладная механика _eраздел "Сопротивление материалов" _eучебное пособие для студентов высших учебных заведений, обучающихся по направлению подготовки: 131000 - "Нефтегазовое дело" _fН.Я. Головина _gМ-во образования и науки Рос. Федерации, Федер. гос. бюджет. образоват. учреждение высш. проф. образования "Тюм. гос. нефтегазовый ун-т" |
|
| 210 |
_aТюмень _cТюмГНГУ _d2015 |
||
| 215 |
_a77 с. _cил. _d20 |
||
| 320 | _aБиблиогр.: с. 77 (7 назв.) | ||
| 606 |
_aСопротивление материалов _jУчебные издания для высших учебных заведений _91104923 _3RU\NLR\AUTH\66115919 |
||
| 675 | _a539.2/.6 | ||
| 686 | 1 | _aЖ121я73-1 | |
| 700 | 1 |
_aГоловина _bН. Я. _gНаталья Яковлевна |
|
| 801 | 0 |
_aRU _bРГБ _c20160203 _gRCR |
|
| 942 | _cBOOK | ||
| 980 | _aNBR | ||